Le Placements des équipes nationales au Championnat d'Europe 1980 - Statistiques

Statistiques générales
  • Ce quiz a été pris 4 fois
  • Le résultat moyen est 3 sur 8
Statistiques - réponses
Hint Réponse % Correct
Grèce Phase de groupes
100%
Allemagne de l'Ouest Vainqueur
75%
Espagne Phase de groupes
50%
Pays-Bas Phase de groupes
50%
Angleterre Phase de groupes
50%
Belgique Deuxième place
0%
italie Quatrième place
0%
Tchécoslovaquie Troisième place
0%
Aucun quiz correspondant
Distribution des résultats
% des personnes avec chaque résultat
Percentile par nombre de réponses
Votre historique - résultats
Vous n’avez pas pris ce quiz